[Event "GS Open"]
[Site "Riga, Latvia"]
[Date "2021.11.01"]
[Round "6.1"]
[White "Shirov Alexei  (ESP)"]
[Black "Firouzja Alireza  (FRA)"]
[Result "1/2-1/2"]
[WhiteElo "2659"]
[BlackElo "2770"]

1. e4 {[%clk 01:40:57]} {[%emt 01:07:15]} c6 {[%clk 01:40:49]} {[%emt
00:00:21]} 2. d4 {[%clk 01:41:22]} {[%emt 00:00:06]} d5 {[%clk 01:41:11]}
{[%emt 00:00:08]} 3. e5 {[%clk 01:41:47]} {[%emt 00:00:04]} Bf5 {[%clk
01:41:34]} {[%emt 00:00:07]} 4. h4 {[%clk 01:42:13]} {[%emt 00:00:05]} h5
{[%clk 01:41:50]} {[%emt 00:00:14]} 5. Bd3 {[%clk 01:42:35]} {[%emt 00:00:07]}
Bxd3 {[%clk 01:42:11]} {[%emt 00:00:10]} 6. Qxd3 {[%clk 01:42:58]} {[%emt
00:00:05]} Qa5+ {[%clk 01:41:44]} {[%emt 00:00:58]} 7. Nd2 {[%clk 01:42:57]}
{[%emt 00:00:31]} e6 {[%clk 01:41:43]} {[%emt 00:00:32]} 8. Ngf3 {[%clk
01:43:20]} {[%emt 00:00:06]} Nh6 {[%clk 01:41:26]} {[%emt 00:00:47]} 9. O-O
{[%clk 01:42:13]} {[%emt 00:01:37]} Nf5 {[%clk 01:41:29]} {[%emt 00:00:28]} 10.
Nb3 {[%clk 01:42:34]} {[%emt 00:00:08]} Qa6 {[%clk 01:41:22]} {[%emt 00:00:37]}
11. Qd1 {[%clk 01:42:57]} {[%emt 00:00:07]} Be7 {[%clk 01:39:55]} {[%emt
00:01:57]} 12. Bg5 {[%clk 01:38:53]} {[%emt 00:04:33]} Bxg5 {[%clk 01:39:47]}
{[%emt 00:00:39]} 13. Nc5 {[%clk 01:30:00]} {[%emt 00:09:23]} Qb6 {[%clk
01:38:04]} {[%emt 00:02:14]} 14. Nxg5 {[%clk 01:20:27]} {[%emt 00:10:02]} Na6
{[%clk 01:34:04]} {[%emt 00:04:30]} 15. Nxa6 {[%clk 01:02:13]} {[%emt
00:18:44]} Qxa6 {[%clk 01:32:16]} {[%emt 00:02:18]} 16. c3 {[%clk 00:58:23]}
{[%emt 00:04:20]} Nxh4 {[%clk 01:01:32]} {[%emt 00:31:14]} 17. g3 {[%clk
00:57:56]} {[%emt 00:00:56]} Nf5 {[%clk 01:01:52]} {[%emt 00:00:11]} 18. Kg2
{[%clk 00:58:10]} {[%emt 00:00:16]} Qb6 {[%clk 00:54:42]} {[%emt 00:07:41]} 19.
b4 {[%clk 00:51:39]} {[%emt 00:07:00]} Qd8 {[%clk 00:52:48]} {[%emt 00:02:24]}
20. Qd2 {[%clk 00:51:47]} {[%emt 00:00:22]} Qe7 {[%clk 00:52:46]} {[%emt
00:00:33]} 21. Rab1 {[%clk 00:44:54]} {[%emt 00:07:22]} Rh6 {[%clk 00:41:02]}
{[%emt 00:12:15]} 22. Rh1 {[%clk 00:44:20]} {[%emt 00:01:03]} O-O-O {[%clk
00:38:00]} {[%emt 00:03:32]} 23. b5 {[%clk 00:44:25]} {[%emt 00:00:25]} cxb5
{[%clk 00:37:01]} {[%emt 00:01:30]} 24. Rxb5 {[%clk 00:44:17]} {[%emt
00:00:37]} h4 {[%clk 00:28:03]} {[%emt 00:09:29]} 25. g4 {[%clk 00:44:02]}
{[%emt 00:00:44]} h3+ {[%clk 00:26:31]} {[%emt 00:02:02]} 26. Kf1 {[%clk
00:28:28]} {[%emt 00:16:04]} Rg6 {[%clk 00:25:40]} {[%emt 00:01:21]} 27. gxf5
{[%clk 00:24:55]} {[%emt 00:04:03]} Rxg5 {[%clk 00:26:06]} {[%emt 00:00:05]} 28.
fxe6 {[%clk 00:25:17]} {[%emt 00:00:07]} fxe6 {[%clk 00:25:25]} {[%emt
00:01:12]} 29. Rxh3 {[%clk 00:25:43]} {[%emt 00:00:03]} Rf5 {[%clk 00:24:21]}
{[%emt 00:01:34]} 30. c4 {[%clk 00:17:14]} {[%emt 00:08:58]} dxc4 {[%clk
00:22:33]} {[%emt 00:02:19]} 31. Qc3 {[%clk 00:16:21]} {[%emt 00:01:23]} Rdf8
{[%clk 00:14:17]} {[%emt 00:08:45]} 32. Qxc4+ {[%clk 00:16:40]} {[%emt
00:00:12]} Kb8 {[%clk 00:14:41]} {[%emt 00:00:07]} 33. Rb2 {[%clk 00:13:10]}
{[%emt 00:04:00]} Qf7 {[%clk 00:09:50]} {[%emt 00:05:20]} 34. Qe2 {[%clk
00:13:30]} {[%emt 00:00:09]} Qc7 {[%clk 00:05:10]} {[%emt 00:05:11]} 35. Qc2
{[%clk 00:12:28]} {[%emt 00:01:31]} Qd7 {[%clk 00:04:21]} {[%emt 00:01:20]} 36.
Rhb3 {[%clk 00:10:07]} {[%emt 00:02:51]} b6 {[%clk 00:03:58]} {[%emt 00:00:53]}
37. Qc5 {[%clk 00:06:48]} {[%emt 00:03:49]} Qb7 {[%clk 00:00:43]} {[%emt
00:03:46]} 38. Rxb6 {[%clk 00:06:34]} {[%emt 00:00:43]} axb6 {[%clk 00:00:45]}
{[%emt 00:00:28]} 39. Rxb6 {[%clk 00:06:56]} {[%emt 00:00:08]} Rxf2+ {[%clk
00:01:11]} {[%emt 00:00:05]} 40. Ke1 {[%clk 00:07:20]} {[%emt 00:00:05]} Rf1+
{[%clk 00:01:06]} {[%emt 00:00:35]} 41. Ke2 {[%clk 00:07:38]} {[%emt 00:00:11]}
R1f2+ {[%clk 00:00:44]} {[%emt 00:00:53]} 42. Ke1 {[%clk 00:07:57]} {[%emt
00:00:10]} Rf1+ {[%clk 00:48:06]} {[%emt 00:03:10]} 43. Ke2 {[%clk 00:55:56]}
{[%emt 00:02:30]} 1/2-1/2

[Event "GS Open"]
[Site "Riga, Latvia"]
[Date "2021.11.01"]
[Round "6.27"]
[White "Eljanov Pavel  (UKR)"]
[Black "Brkic Ante  (CRO)"]
[Result "1-0"]
[WhiteElo "2691"]
[BlackElo "2621"]

1. e4 {[%clk 01:40:55]} {[%emt 00:00:04]} c5 {[%clk 01:40:43]} {[%emt
00:00:17]} 2. Nf3 {[%clk 01:41:07]} {[%emt 00:00:19]} d6 {[%clk 01:41:07]}
{[%emt 00:00:05]} 3. Bb5+ {[%clk 01:41:08]} {[%emt 00:00:30]} Nd7 {[%clk
01:41:16]} {[%emt 00:00:20]} 4. d4 {[%clk 01:40:01]} {[%emt 00:01:37]} cxd4
{[%clk 01:41:19]} {[%emt 00:00:27]} 5. Nxd4 {[%clk 01:39:36]} {[%emt 00:00:55]}
Ngf6 {[%clk 01:40:13]} {[%emt 00:01:36]} 6. Bd3 {[%clk 01:39:45]} {[%emt
00:00:22]} Nc5 {[%clk 01:39:09]} {[%emt 00:01:34]} 7. Nc3 {[%clk 01:40:09]}
{[%emt 00:00:06]} g6 {[%clk 01:33:17]} {[%emt 00:06:21]} 8. f3 {[%clk
01:34:17]} {[%emt 00:06:23]} Bg7 {[%clk 01:32:13]} {[%emt 00:01:34]} 9. Be3
{[%clk 01:34:33]} {[%emt 00:00:14]} O-O {[%clk 01:31:51]} {[%emt 00:00:51]} 10.
Be2 {[%clk 01:31:56]} {[%emt 00:03:06]} Bd7 {[%clk 01:04:15]} {[%emt 00:28:07]}
11. Qd2 {[%clk 01:26:02]} {[%emt 00:06:24]} Qa5 {[%clk 01:03:43]} {[%emt
00:01:01]} 12. a4 {[%clk 01:01:33]} {[%emt 00:24:59]} a6 {[%clk 00:57:14]}
{[%emt 00:06:59]} 13. O-O {[%clk 01:01:39]} {[%emt 00:00:24]} Rac8 {[%clk
00:53:51]} {[%emt 00:03:53]} 14. Rfb1 {[%clk 00:52:28]} {[%emt 00:09:41]} Ne6
{[%clk 00:32:10]} {[%emt 00:22:11]} 15. Nb3 {[%clk 00:51:48]} {[%emt 00:01:10]}
Qc7 {[%clk 00:30:11]} {[%emt 00:02:29]} 16. a5 {[%clk 00:50:28]} {[%emt
00:01:51]} Nc5 {[%clk 00:17:10]} {[%emt 00:13:30]} 17. Nxc5 {[%clk 00:45:56]}
{[%emt 00:05:02]} dxc5 {[%clk 00:17:39]} 18. Na4 {[%clk 00:40:36]} {[%emt
00:05:50]} Bxa4 {[%clk 00:17:39]} {[%emt 00:00:30]} 19. Rxa4 {[%clk 00:41:04]}
{[%emt 00:00:03]} Rfd8 {[%clk 00:17:28]} {[%emt 00:00:41]} 20. Qe1 {[%clk
00:41:16]} {[%emt 00:00:18]} Nd7 {[%clk 00:15:36]} {[%emt 00:02:21]} 21. Kh1
{[%clk 00:25:11]} {[%emt 00:16:35]} Nf8 {[%clk 00:10:44]} {[%emt 00:05:22]} 22.
c3 {[%clk 00:24:27]} {[%emt 00:01:14]} Nd7 {[%clk 00:10:35]} {[%emt 00:00:40]}
23. f4 {[%clk 00:23:04]} {[%emt 00:01:53]} Nf6 {[%clk 00:07:11]} {[%emt
00:03:53]} 24. Rba1 {[%clk 00:21:30]} {[%emt 00:02:05]} e5 {[%clk 00:05:10]}
{[%emt 00:02:30]} 25. f5 {[%clk 00:21:32]} {[%emt 00:00:29]} gxf5 {[%clk
00:05:14]} {[%emt 00:00:26]} 26. exf5 {[%clk 00:21:57]} {[%emt 00:00:04]} e4
{[%clk 00:05:40]} {[%emt 00:00:04]} 27. Qh4 {[%clk 00:20:33]} {[%emt 00:01:54]}
Qd7 {[%clk 00:01:30]} {[%emt 00:04:40]} 28. Bg5 {[%clk 00:19:02]} {[%emt
00:02:01]} Rc6 {[%clk 00:01:56]} {[%emt 00:00:03]} 29. Rf1 {[%clk 00:19:06]}
{[%emt 00:00:27]} Re8 {[%clk 00:01:49]} {[%emt 00:00:37]} 30. Raa1 {[%clk
00:17:48]} {[%emt 00:01:48]} Rd6 {[%clk 00:02:18]} {[%emt 00:00:01]} 31. Bf4
{[%clk 00:16:07]} {[%emt 00:02:11]} Rd5 {[%clk 00:02:44]} {[%emt 00:00:04]} 32.
Bc4 {[%clk 00:10:37]} {[%emt 00:06:00]} Rxf5 {[%clk 00:01:52]} {[%emt
00:01:23]} 33. g4 {[%clk 00:10:53]} {[%emt 00:00:13]} Rxf4 {[%clk 00:00:43]}
{[%emt 00:01:38]} 34. Rxf4 {[%clk 00:11:19]} {[%emt 00:00:04]} Qc6 {[%clk
00:00:50]} {[%emt 00:00:24]} 35. Kg1 {[%clk 00:10:36]} {[%emt 00:01:13]} Kh8
{[%clk 00:00:34]} {[%emt 00:00:47]} 36. Raf1 {[%clk 00:09:35]} {[%emt
00:01:30]} Nd5 {[%clk 00:00:32]} {[%emt 00:00:32]} 37. Rxf7 {[%clk 00:09:49]}
{[%emt 00:00:16]} 1-0